Library Banner

The wealth and welefare of the Punjab (Record no. 64777)

MARC details
000 -LEADER
fixed length control field 00417nam a22001577a 4500
005 - DATE AND TIME OF LATEST TRANSACTION
control field 20150127104534.0
008 - FIXED-LENGTH DATA ELEMENTS--GENERAL INFORMATION
fixed length control field 150114b xxu||||| |||| 00| 0 eng d
040 ## - CATALOGING SOURCE
Transcribing agency PK-LaUMT
082 ## - DEWEY DECIMAL CLASSIFICATION NUMBER
Classification number KHC 310.54552
Item number CAL-W
100 ## - MAIN ENTRY--PERSONAL NAME
Personal name Calvert, H.
245 ## - TITLE STATEMENT
Title The wealth and welefare of the Punjab
Statement of responsibility, etc H. Calvert
250 ## - EDITION STATEMENT
Edition statement 2nd
260 ## - PUBLICATION, DISTRIBUTION, ETC. (IMPRINT)
Place of publication, distribution, etc Lahore
Name of publisher, distributor, etc The Civil and miltrary gazette,
Date of publication, distribution, etc 1936
300 ## - PHYSICAL DESCRIPTION
Extent 421 p.
942 ## - ADDED ENTRY ELEMENTS (KOHA)
Koha item type Books
Holdings
Withdrawn status Lost status Damaged status Home library Current library Date acquired Full call number Barcode Date last seen Koha item type
      UMT Main Campus UMT Main Campus 2015-01-14 KHC 310.54552 CAL-W 72947 2015-01-14 Books